00414nam a2200169 a 45000010005000000030009000050050017000140080041000310400028000720820021001001000019001212450030001402600037001703000009002074900017002166500011002337373CO-ViMGA20230915225846.0141112s2004 ck r 000 u spa d aCO-ViMGAbspacCO-ViMGA04a658.8 R693bR6931 aRozes, Gilbert10aVenda más atienda mejor aBuenos Aires : bGranica, c1991 a19 p aAcción, 1214aVENTAS